000 00719nam a22002777a 4500
001 0074
003 DO-SdBNP
005 20171213112412.0
007 0074
008 151027b sp 1973 xxu||||| |||| 00| 0 spa d
020 _a8402013015
040 _aBPMSU
_bspa
_cBPMSU
092 _axxxxxxx
_bxxxxxxx
100 1 0 _aVerne, Julio
245 1 0 _aA traves de la estepa /
_cJulio Verne
250 _a4a ed.
260 _aEspaña :
_bBruguera,
_c1973
300 _a254 p. :
_bil.,
_c20 cm.
490 1 0 _aHistoria selección
490 1 0 _aJulio Verne
_v12
830 0 0 _aHistoria selección
830 0 0 _aJulio Verne
_n12
942 _2ddc
_cBK
945 _aInventariado extranjero 2017/ YL
956 _aBrenda Tavárez
999 _c8473
_d8473